000 00812nam a22002657a 4500
001 114838
003 UA-OsUOA
005 20221004163538.0
007 ta
008 20151123b un ||||| |||| 00| 0 ukr d
020 _a9789663781853
040 _aUA-OsUOA
_bukr
_cUA-OsUOA
_dUA-OsUOA
041 _aukr
080 _a323.2(477)
090 _a323.2(477)
_bВ64
100 _aВозняк Т.
245 _aРетроспективна політологія. Епоха Януковича. POST-Ющенко
_cТарас Возняк
260 _aЛьвів
_bДух і Літера
_c2010
300 _a122 с.
490 _aБібліотека журналу "Ї"
650 7 _a32 Політика
_2UDC
942 _cBK
_2udc
955 _a1
999 _c401066
_d401066